[Event "DEN-ch"]
[Site "Aalborg"]
[Date "2006.04.15"]
[Round "8"]
[White "Pilgaard, Kim"]
[Black "Kongsted, Halfdan Christian"]
[Result "1-0"]
[WhiteElo "2417"]
[BlackElo "2245"]
[PlyCount "58"]
[EventDate "2006.04.08"]
[EventType "tourn"]
[EventRounds "9"]
[EventCountry "DEN"]
[EventCategory "8"]
[SourceTitle "CBM 111 Extra"]
[Source "ChessBase"]
[SourceDate "2006.05.09"]
[SourceVersion "1"]
[SourceVersionDate "2006.05.09"]
[SourceQuality "1"]

1. e4 c5 2. Nf3 e6 3. d4 cxd4 4. Nxd4 a6 5. Nc3 Qc7 6. Bd3 Bc5 7. Nb3 Ba7 8. Qg4 g6 9. Bg5 d6 10. Qg3 Nc6 11. 0-0-0 f6 12. Be3 Bxe3+ 13. Qxe3 Nge7 14. Be2 Kf7 15. h4 b6 16. Qd2 Rd8 17. Qh6 Kg8 18. h5 Rd7 19. f4 d5 20. hxg6 Nxg6 21. exd5 exd5 22. g3 Nd8 23. f5 Qxg3 24. fxg6 Qg5+ 25. Qxg5 fxg5 26. Nxd5 Kg7 27. Rxh7+ Kf8 28. Rxd7 Bxd7 29. Nxb6 Bc8 1-0

[Event "DEN-ch"]
[Site "Aalborg"]
[Date "2006.04.10"]
[Round "3"]
[White "Aagaard, Jacob"]
[Black "Kongsted, Halfdan Christian"]
[Result "1/2-1/2"]
[WhiteElo "2447"]
[BlackElo "2245"]
[PlyCount "153"]
[EventDate "2006.04.08"]
[EventType "tourn"]
[EventRounds "9"]
[EventCountry "DEN"]
[EventCategory "8"]
[SourceTitle "CBM 111 Extra"]
[Source "ChessBase"]
[SourceDate "2006.05.09"]
[SourceVersion "1"]
[SourceVersionDate "2006.05.09"]
[SourceQuality "1"]

1. e4 c5 2. Nf3 a6 3. c3 e6 4. d4 d5 5. e5 Bd7 6. Be3 c4 7. h4 h6 8. h5 b5 9. Nh4 Nc6 10. f4 b4 11. g4 Rb8 12. Rh2 Be7 13. Nf3 Qa5 14. Bh3 bxc3 15. Nxc3 Bb4 16. Bd2 Bf8 17. Qc1 Nb4 18. Bf1 Qb6 19. Be3 Qa5 20. a3 Nc6 21. Kf2 Nge7 22. Kg1 Qc7 23. Qc2 Na5 24. Bh3 Kd8 25. Rf1 g6 26. Bf2 Rg8 27. Kh1 Nb3 28. Bh4 Qb6 29. Qf2 Kc7 30. Rd1 Kb7 31. f5 g5 32. Bg3 Rd8 33. f6 Nc8 34. Qc2 Rh8 35. Re2 Bc6 36. Bf2 a5 37. Be3 Qc7 38. Rh2 Na7 39. Bg2 Kb8 40. Qf2 Nb5 41. Nxb5 Bxb5 42. Nxg5 hxg5 43. Bxg5 c3 44. bxc3 a4 45. Bf4 Bxa3 46. g5 Qxc3 47. Rh3 Qb2 48. Qxb2 Bxb2 49. g6 Be2 50. Rg1 Rxh5 51. g7 Bxd4 52. Re1 Rxh3+ 53. Bxh3 Bh5 54. Be3 Bxe5 55. Bb6 Bf3+ 56. Bg2 Bxg2+ 57. Kxg2 Bxf6 58. Bxd8 Bxg7 59. Be7 Kc7 60. Re2 Kc6 61. Ba3 d4 62. Rc2+ Kd5 63. Rc7 e5 64. Rxf7 Bh6 65. Ra7 d3 66. Kf1 Kd4 67. Rxa4+ Ke3 68. Ke1 Bf4 69. Rb4 d2+ 70. Kd1 Nd4 71. Rb2 Kd3 72. Bb4 Nf3 73. Rb3+ Ke4 74. Ra3 Be3 75. Ba5 Kf4 76. Bc7 Bd4 77. Rxf3+ 1/2-1/2

[Event "DEN-ch Gladiator"]
[Site "Aalborg"]
[Date "2006.04.08"]
[Round "1"]
[White "Kongsted, Halfdan Christian"]
[Black "Pedersen, Steffen"]
[Result "0-1"]
[WhiteElo "2245"]
[BlackElo "2446"]
[PlyCount "71"]
[EventDate "2006.04.08"]
[EventType "tourn (rapid)"]
[EventRounds "9"]
[EventCountry "DEN"]
[SourceTitle "CBM 111 Extra"]
[Source "ChessBase"]
[SourceDate "2006.05.09"]
[SourceVersion "1"]
[SourceVersionDate "2006.05.09"]
[SourceQuality "1"]

1. d4 d5 2. Nf3 Nf6 3. c4 c6 4. Nc3 a6 5. e3 Bf5 6. Bd3 Bxd3 7. Qxd3 e6 8. 0-0 Be7 9. e4 b5 10. c5 dxe4 11. Nxe4 Nxe4 12. Qxe4 Qd5 13. Qxd5 cxd5 14. Bf4 Nc6 15. Rfd1 f6 16. Bd2 g5 17. Be3 Kd7 18. Ne1 Rhg8 19. Nd3 a5 20. Rac1 h6 21. a3 e5 22. Ne1 e4 23. g3 f5 24. f4 exf3 25. Nxf3 Bf6 26. Bf2 Rae8 27. Kf1 Re4 28. Rc3 Rge8 29. Rcd3 Bg7 30. Ne5+ Bxe5 31. dxe5 Ne7 32. Rxd5+ Nxd5 33. Rxd5+ Kc7 34. Bd4 Rd8 35. Rd6 Rxd4 36. Ke1 0-1

[Event "DEN-ch"]
[Site "Aalborg"]
[Date "2006.04.08"]
[Round "1"]
[White "Pedersen, Steffen"]
[Black "Kongsted, Halfdan Christian"]
[Result "1/2-1/2"]
[WhiteElo "2446"]
[BlackElo "2245"]
[PlyCount "244"]
[EventDate "2006.04.08"]
[EventType "tourn"]
[EventRounds "9"]
[EventCountry "DEN"]
[EventCategory "8"]
[SourceTitle "CBM 111 Extra"]
[Source "ChessBase"]
[SourceDate "2006.05.09"]
[SourceVersion "1"]
[SourceVersionDate "2006.05.09"]
[SourceQuality "1"]

1. d4 d5 2. c4 c6 3. e3 Nf6 4. Bd3 a6 5. Nd2 e6 6. Ngf3 c5 7. 0-0 Nc6 8. cxd5 exd5 9. e4 dxe4 10. Nxe4 Nxe4 11. Bxe4 Nxd4 12. Be3 Be7 13. Nxd4 cxd4 14. Qa4+ Bd7 15. Qxd4 0-0 16. Bxb7 Rb8 17. Bxa6 Bf6 18. Qd3 Bxb2 19. Rad1 Qf6 20. Qxd7 Qxa6 21. Qd5 Ra8 22. Rd2 Qxa2 23. Qxa2 Rxa2 24. Rb1 Rb8 25. Bf4 Rba8 26. Kf1 g5 27. Bxg5 Bc3 28. Rb8+ Rxb8 29. Rxa2 Re8 30. Be3 Kg7 31. Ra4 h5 32. Ke2 Bf6 33. Kf3 Re5 34. Ra6 Rb5 35. Rc6 Rd5 36. h3 Rf5+ 37. Ke4 Re5+ 38. Kf4 Rb5 39. Ke4 Re5+ 40. Kd3 Rd5+ 41. Ke2 Rb5 42. f4 Rb2+ 43. Kf3 Rb3 44. Ke4 Rb4+ 45. Kf5 Rb5+ 46. Rc5 Rb3 47. Ke4 Rb4+ 48. Kf3 Kg6 49. Rd5 Rb3 50. g4 hxg4+ 51. hxg4 Bb2 52. Rd6+ Kg7 53. Rd1 Ra3 54. Kf2 Kg8 55. Rd5 Bg7 56. Kf3 Bb2 57. Ke4 Ra6 58. Bc5 Re6+ 59. Kf3 Rc6 60. Kg3 Bc3 61. Kf3 Bb2 62. Bd6 Rc4 63. Rb5 Bc3 64. Rb8+ Kg7 65. Bf8+ Kh7 66. Rb7 Kg8 67. Bd6 Rc6 68. Rd7 Bb2 69. g5 Rc1 70. Rb7 Ba1 71. Kg4 Rd1 72. Be7 Kg7 73. Bb4 Rd5 74. Rc7 Rd1 75. Bc5 Bb2 76. f5 Kg8 77. Rc8+ Kh7 78. Rf8 Kg7 79. Rb8 Bd4 80. f6+ Bxf6 81. gxf6+ Kxf6 82. Rb4 Kg6 83. Rb6+ Kg7 84. Bd6 Rg1+ 85. Kf5 Rf1+ 86. Bf4 Rf2 87. Rb1 Kg8 88. Rg1+ Kf8 89. Re1 Kg7 90. Rg1+ Kf8 91. Ke4 Re2+ 92. Kd5 Ke7 93. Bd6+ Kf6 94. Rf1+ Kg6 95. Be5 Rd2+ 96. Bd4 Rg2 97. Rf6+ Kh5 98. Rxf7 Rg5+ 99. Be5 Kg6 100. Rf8 Kh5 101. Ke4 Kg4 102. Rf6 Rg8 103. Rf2 Rg6 104. Rg2+ Kh5 105. Rh2+ Kg4 106. Rh1 Rg5 107. Bf4 Rg6 108. Rf1 Re6+ 109. Be5 Rg6 110. Bf6 Kh5 111. Kf5 Rg5+ 112. Ke6 Rg4 113. Kf7 Rg2 114. Rf4 Rh2 115. Ke6 Rh1 116. Kf5 Rh2 117. Rf1 Rh3 118. Be5 Kh6 119. Bf6 Kh5 120. Rf2 Rh1 121. Bg5 Rf1 122. Bf6 Rh1 1/2-1/2

[Event "Copenhagen K41 2nd"]
[Site "Copenhagen"]
[Date "2005.04.09"]
[Round "8"]
[White "Kongsted, Halfdan Christian"]
[Black "Skovgaard, Peter"]
[Result "1-0"]
[WhiteElo "2236"]
[BlackElo "2174"]
[PlyCount "65"]
[EventDate "2005.04.02"]
[EventType "tourn"]
[EventRounds "9"]
[EventCountry "DEN"]
[EventCategory "4"]
[SourceTitle "CBM 105 Extra"]
[Source "ChessBase"]
[SourceDate "2005.05.01"]
[SourceVersion "1"]
[SourceVersionDate "2005.05.01"]
[SourceQuality "1"]

1. d4 d5 2. Nf3 c6 3. c4 e6 4. Nc3 f5 5. Bf4 Nf6 6. e3 Be7 7. Bd3 0-0 8. Qc2 Ne4 9. g4 Na6 10. a3 Qa5 11. Ke2 g5 12. Bg3 Nxc3+ 13. bxc3 dxc4 14. Bxc4 f4 15. Bd3 h6 16. Bh7+ Kh8 17. Qg6 Qb5+ 18. Ke1 Qb2 19. Qxh6 Rf7 20. Bg6+ Kg8 21. Bxf7+ Kxf7 22. Qh5+ Kg7 23. Rd1 Qxc3+ 24. Kf1 Qc2 25. Kg2 Bd7 26. Nxg5 Rf8 27. Bxf4 c5 28. Rc1 Qg6 29. Be5+ Bf6 30. Qxg6+ Kxg6 31. Bxf6 Bc6+ 32. f3 Rxf6 33. Ne4 1-0

[Event "Copenhagen K41 2nd"]
[Site "Copenhagen"]
[Date "2005.04.08"]
[Round "7"]
[White "Pedersen, Daniel Vesterbaek"]
[Black "Kongsted, Halfdan Christian"]
[Result "1/2-1/2"]
[WhiteElo "2358"]
[BlackElo "2236"]
[PlyCount "164"]
[EventDate "2005.04.02"]
[EventType "tourn"]
[EventRounds "9"]
[EventCountry "DEN"]
[EventCategory "4"]
[SourceTitle "CBM 105 Extra"]
[Source "ChessBase"]
[SourceDate "2005.05.01"]
[SourceVersion "1"]
[SourceVersionDate "2005.05.01"]
[SourceQuality "1"]

1. d4 Nf6 2. c4 e6 3. Nc3 Bb4 4. Qc2 0-0 5. a3 Bxc3+ 6. Qxc3 Ne4 7. Qc2 f5 8. e3 b6 9. Nf3 Bb7 10. Nd2 c5 11. Nxe4 Bxe4 12. Qd2 f4 13. b4 d5 14. f3 fxe3 15. Qxe3 cxd4 16. Qxd4 Nc6 17. Qd2 Bg6 18. cxd5 exd5 19. Bb5 Qh4+ 20. Qf2 Rae8+ 21. Kf1 Qe7 22. Bb2 Rc8 23. Re1 Be4 24. Kg1 Qf7 25. Qg3 Bf5 26. Ba6 Rce8 27. Kf2 d4 28. Rc1 Ne5 29. Rhd1 Qa2 30. Rd2 Bd3 31. Rc7 Rf7 32. Rxf7 Kxf7 33. Qf4+ Kg8 34. Bxd3 Nxd3+ 35. Rxd3 Qxb2+ 36. Qd2 Qxd2+ 37. Rxd2 Re3 38. Ra2 Kf7 39. a4 Rb3 40. a5 Rxb4 41. axb6 axb6 42. Ke2 Ke6 43. h4 Kd5 44. g4 h6 45. h5 Ke5 46. Ra7 Rb2+ 47. Kd3 Rb3+ 48. Ke2 Kf6 49. Rd7 Rb2+ 50. Kd3 Rb3+ 51. Ke2 Re3+ 52. Kf2 Re6 53. Rxd4 b5 54. Rf4+ Ke7 55. Rb4 Re5 56. Kg3 Kd6 57. Kf4 Rd5 58. Ke4 Re5+ 59. Kf4 Rd5 60. Rb2 Kc5 61. Ke4 Rd7 62. Kf5 b4 63. Kg6 Kc4 64. f4 Kc3 65. Rb1 b3 66. f5 Kc2 67. Rxb3 Kxb3 68. f6 gxf6 69. Kxh6 Rd4 70. g5 f5 71. g6 f4 72. g7 Rd8 73. Kh7 f3 74. g8Q+ Rxg8 75. Kxg8 f2 76. h6 f1Q 77. h7 Qg2+ 78. Kh8 Qh3 79. Kg7 Qg4+ 80. Kh8 Qh5 81. Kg7 Qg5+ 82. Kh8 Qg6 1/2-1/2

[Event "DEN-ch cand"]
[Site "Koge"]
[Date "2005.03.26"]
[Round "5"]
[White "Skovgaard, Peter"]
[Black "Kongsted, Halfdan Christian"]
[Result "1-0"]
[WhiteElo "2198"]
[BlackElo "2236"]
[PlyCount "121"]
[EventDate "2005.03.22"]
[EventType "swiss"]
[EventRounds "7"]
[EventCountry "DEN"]
[SourceTitle "EXT 2018"]
[Source "ChessBase"]
[SourceDate "2017.10.13"]
[SourceVersion "1"]
[SourceVersionDate "2017.10.13"]
[SourceQuality "1"]

1. e4 c5 2. Nf3 d6 3. Nc3 Nf6 4. g3 Nc6 5. d3 g6 6. Bg2 Bg7 7. 0-0 0-0 8. h3 Rb8 9. Be3 e5 10. a4 a6 11. Kh2 b5 12. axb5 axb5 13. Qd2 Nd4 14. Ne2 b4 15. Nexd4 cxd4 16. Bh6 Nd7 17. Bxg7 Kxg7 18. b3 Nc5 19. Ra7 Qb6 20. Ra2 Rb7 21. Nh4 f6 22. f4 Bd7 23. g4 exf4 24. Qxf4 Ne6 25. Qg3 Rc7 26. Nf3 Qc5 27. Rf2 g5 28. Ng1 Rh8 29. Rf5 Qb6 30. Ne2 Bc6 31. Qf2 Rf8 32. h4 h6 33. Raa5 Be8 34. hxg5 hxg5 35. Ng3 Bg6 36. Rfb5 Qc6 37. Nf5+ Kf7 38. Nxd4 Rh8+ 39. Kg1 Nxd4 40. e5 Ne2+ 41. Qxe2 Qxc2 42. Bd5+ Kg7 43. Qxc2 Rxc2 44. Ra7+ Kh6 45. exd6 Re8 46. Re7 Rxe7 47. dxe7 Rc7 48. Rb7 Rxb7 49. Bxb7 Be8 50. Bc8 Kg6 51. Be6 f5 52. gxf5+ Kf6 53. Kf2 Kxe7 54. d4 Kf6 55. Ke3 Bb5 56. Ke4 Bf1 57. d5 Bg2+ 58. Kd4 g4 59. d6 g3 60. d7 Ke7 61. f6+ 1-0

[Event "DEN-ch cand"]
[Site "Koge"]
[Date "2005.03.22"]
[Round "1"]
[White "Kongsted, Halfdan Christian"]
[Black "Madsen, Poul Henrik"]
[Result "1-0"]
[WhiteElo "2236"]
[BlackElo "2100"]
[PlyCount "75"]
[EventDate "2005.03.22"]
[EventType "swiss"]
[EventRounds "7"]
[EventCountry "DEN"]
[SourceTitle "EXT 2018"]
[Source "ChessBase"]
[SourceDate "2017.10.13"]
[SourceVersion "1"]
[SourceVersionDate "2017.10.13"]
[SourceQuality "1"]

1. d4 d5 2. Nf3 c6 3. c4 e6 4. Nc3 f5 5. Bf4 Nf6 6. e3 Bd6 7. Bd3 0-0 8. 0-0 b6 9. cxd5 Bxf4 10. exf4 Nxd5 11. Qd2 Qd6 12. Ne5 Ba6 13. g3 Rd8 14. Rad1 Bb7 15. Rfe1 Nxc3 16. Qxc3 Nd7 17. Bc4 Nf6 18. Qb3 Nd5 19. Nf3 h6 20. Re5 Bc8 21. Qc2 Bd7 22. Qe2 Re8 23. a3 b5 24. Ba2 b4 25. a4 Rab8 26. Bc4 Bc8 27. h3 Bd7 28. Bb3 a5 29. Rc1 Bc8 30. Qd2 Ba6 31. Rc5 Bc8 32. Rxa5 Kh8 33. Rc5 Nf6 34. Qc2 Bd7 35. a5 Ne4 36. Rxe4 fxe4 37. Qxe4 Ra8 38. Bc2 1-0

[Event "Internet Section 10A g/8'+2\""]
[Site "Dos Hermanas"]
[Date "2004.03.10"]
[Round "4"]
[White "Kongsted, Halfdan Christian"]
[Black "Agdestein, Simen"]
[Result "0-1"]
[WhiteElo "2258"]
[BlackElo "2573"]
[PlyCount "118"]
[EventDate "2004.03.10"]
[EventType "swiss (blitz)"]
[EventRounds "9"]
[EventCountry "ESP"]
[SourceTitle "EXT 2005"]
[Source "ChessBase"]
[SourceDate "2004.11.15"]
[SourceVersion "1"]
[SourceVersionDate "2004.11.15"]
[SourceQuality "1"]

1. d4 Nf6 2. c4 g6 3. Nc3 Bg7 4. e4 0-0 5. Nf3 c6 6. d5 cxd5 7. cxd5 d6 8. Be2 Bd7 9. 0-0 Qa5 10. Rb1 Rc8 11. Be3 Na6 12. Nd4 Rxc3 13. bxc3 Nxe4 14. Rxb7 Nac5 15. Rxd7 Nxd7 16. Nc6 Qxa2 17. Bd4 Nxc3 18. Bxc3 Bxc3 19. Nxe7+ Kf8 20. Nc6 Nc5 21. Bg4 Qd2 22. Qf3 Kg7 23. Rd1 Qc2 24. h4 h5 25. Bh3 a5 26. g4 hxg4 27. Bxg4 a4 28. h5 a3 29. h6+ Kxh6 30. Qxf7 a2 31. Qf4+ Kg7 32. Qxd6 Rf8 33. Qxc5 Qxd1+ 34. Bxd1 a1Q 35. Qa7+ Qxa7 36. Nxa7 Bd4 37. Nb5 Bxf2+ 38. Kg2 Bc5 39. Bg4 Rb8 40. Nc7 Kf6 41. Ne6 Bd6 42. Bf3 Kf5 43. Kf2 Rb2+ 44. Ke3 g5 45. Be4+ Kf6 46. Nd4 Bc5 47. Kd3 Bxd4 48. Kxd4 Rb4+ 49. Ke3 Ke5 50. Bg2 g4 51. Bh1 Rb3+ 52. Kf2 Kf4 53. d6 Rd3 54. Bg2 Rxd6 55. Bf1 Rd2+ 56. Kg1 Kf3 57. Bb5 Rd1+ 58. Bf1 g3 59. Kh1 Rxf1# 0-1

[Event "Copenhagen AS04 Centenary"]
[Site "Copenhagen"]
[Date "2004.02.14"]
[Round "8"]
[White "Nilsson, Nils Specht"]
[Black "Kongsted, Halfdan Christian"]
[Result "1/2-1/2"]
[WhiteElo "2126"]
[BlackElo "2258"]
[PlyCount "130"]
[EventDate "2004.02.07"]
[EventType "swiss"]
[EventRounds "9"]
[EventCountry "DEN"]
[SourceTitle "CBM 098 Extra"]
[Source "ChessBase"]
[SourceDate "2004.03.10"]
[SourceVersion "2"]
[SourceVersionDate "2004.03.10"]
[SourceQuality "1"]

1. e4 c5 2. Nf3 Nc6 3. d4 cxd4 4. Nxd4 Nf6 5. Nc3 e5 6. Ndb5 d6 7. Bg5 a6 8. Na3 b5 9. Nd5 Be7 10. Nxe7 Nxe7 11. Bxf6 gxf6 12. Qf3 f5 13. exf5 Bxf5 14. Bd3 Be6 15. Qf6 Ng6 16. Qxd8+ Rxd8 17. g3 d5 18. c3 0-0 19. Nc2 d4 20. cxd4 exd4 21. f4 Bc4 22. Kd2 Rd6 23. Rhe1 Rfd8 24. b3 Bxd3 25. Kxd3 Nf8 26. Re4 Ne6 27. b4 Rc8 28. f5 Rc3+ 29. Kd2 Nc7 30. Rc1 Rdc6 31. Rxd4 Kg7 32. g4 Rh3 33. Rh1 Rch6 34. Rd7 Na8 35. Rb7 Nb6 36. Ne3 Nc4+ 37. Nxc4 bxc4 38. Rc7 Ra3 39. Rxc4 Rxa2+ 40. Ke3 a5 41. h4 Ra3+ 42. Kf4 Rb6 43. bxa5 Rxa5 44. g5 h6 45. Kg4 Rb7 46. Rf1 Ra2 47. Kh5 hxg5 48. hxg5 Rg2 49. Rh1 Rb8 50. f6+ Kh7 51. Rg4 Rf2 52. Re4 Rg2 53. Rg4 Rf2 54. Kh4 Rb3 55. g6+ fxg6 56. Kg5+ Kg8 57. Ra1 Rb6 58. Ra8+ Kf7 59. Ra7+ Kf8 60. Rc4 Rb5+ 61. Kg4 Rb8 62. Rh7 Kg8 63. Rg7+ Kf8 64. Rf4 Rxf4+ 65. Kxf4 Rb5 1/2-1/2

[Event "Politiken Cup 25th"]
[Site "Copenhagen"]
[Date "2003.07.24"]
[Round "10"]
[White "Kongsted, Halfdan Christian"]
[Black "Houska, Jovanka"]
[Result "1-0"]
[WhiteElo "2246"]
[BlackElo "2350"]
[PlyCount "141"]
[EventDate "2003.07.14"]
[EventType "swiss"]
[EventRounds "11"]
[EventCountry "DEN"]
[SourceTitle "CBM 095 Extra"]
[Source "ChessBase"]
[SourceDate "2003.09.04"]
[SourceVersion "1"]
[SourceVersionDate "2003.09.04"]
[SourceQuality "1"]

1. d4 d5 2. c4 c6 3. Nf3 Nf6 4. Nc3 a6 5. c5 Nbd7 6. Bf4 Nh5 7. e3 Nxf4 8. exf4 g6 9. Bd3 Bg7 10. 0-0 0-0 11. Re1 Re8 12. Qc2 Nf8 13. f5 Qc7 14. g3 gxf5 15. Bxf5 f6 16. Nh4 e6 17. Bd3 e5 18. Bf5 Be6 19. Qd1 Qd7 20. Qg4 exd4 21. Ne2 Bxf5 22. Nxf5 Re5 23. Nexd4 Kh8 24. f4 Ree8 25. h4 Rad8 26. Kh2 Re4 27. Rxe4 dxe4 28. h5 h6 29. Re1 Re8 30. Re3 Kh7 31. b3 Bh8 32. Qe2 Qd5 33. Qc4 Ne6 34. Qxd5 cxd5 35. Nxe6 Rxe6 36. Nd4 Re8 37. f5 Bg7 38. b4 Bf8 39. a3 a5 40. Kg2 Ra8 41. Ne6 axb4 42. axb4 Kg8 43. Rb3 Ra2+ 44. Kf1 Be7 45. Ke1 Kf7 46. Kd1 Rf2 47. Nd4 Rh2 48. Ra3 Rb2 49. Rb3 Rxb3 50. Nxb3 Bd8 51. Ke2 Bc7 52. Ke3 Bxg3 53. Kd4 Ke7 54. Kxd5 e3 55. Nd4 Kd7 56. Kc4 Be1 57. b5 Bd2 58. Kd3 Bb4 59. Nb3 b6 60. cxb6 Kc8 61. Kxe3 Kb7 62. Kd4 Kxb6 63. Kc4 Be1 64. Nc5 Bh4 65. Ne4 Kb7 66. Kc5 Kc7 67. b6+ Kb7 68. Kb5 Kb8 69. Kc6 Kc8 70. Nc5 Bg3 71. b7+ 1-0

[Event "Politiken Cup 25th"]
[Site "Copenhagen"]
[Date "2003.07.19"]
[Round "6"]
[White "Kongsted, Halfdan Christian"]
[Black "Mikkelsen, Nikolaj"]
[Result "1-0"]
[WhiteElo "2246"]
[BlackElo "2104"]
[PlyCount "59"]
[EventDate "2003.07.14"]
[EventType "swiss"]
[EventRounds "11"]
[EventCountry "DEN"]
[SourceTitle "CBM 095 Extra"]
[Source "ChessBase"]
[SourceDate "2003.09.04"]
[SourceVersion "1"]
[SourceVersionDate "2003.09.04"]
[SourceQuality "1"]

1. d4 Nf6 2. c4 g6 3. Nc3 Bg7 4. e4 d6 5. Nf3 0-0 6. h3 e5 7. d5 a5 8. Bg5 h6 9. Be3 Na6 10. g4 Nd7 11. Qd2 Kh7 12. h4 f5 13. gxf5 gxf5 14. exf5 Ndc5 15. Ng5+ hxg5 16. hxg5+ Kg8 17. f6 Bh8 18. Bxc5 Nxc5 19. Rxh8+ Kxh8 20. g6 Kg8 21. Qh6 Qd7 22. Bh3 Nd3+ 23. Kd2 Rxf6 24. Bxd7 Rxf2+ 25. Kxd3 Rf3+ 26. Ke2 Bxd7 27. Qh7+ Kf8 28. g7+ Ke8 29. g8Q+ Rf8 30. Qxf8+ 1-0

[Event "Politiken Cup 25th"]
[Site "Copenhagen"]
[Date "2003.07.18"]
[Round "5"]
[White "Rasmussen, Karsten"]
[Black "Kongsted, Halfdan Christian"]
[Result "1-0"]
[WhiteElo "2437"]
[BlackElo "2246"]
[PlyCount "97"]
[EventDate "2003.07.14"]
[EventType "swiss"]
[EventRounds "11"]
[EventCountry "DEN"]
[SourceTitle "CBM 095 Extra"]
[Source "ChessBase"]
[SourceDate "2003.09.04"]
[SourceVersion "1"]
[SourceVersionDate "2003.09.04"]
[SourceQuality "1"]

1. g3 d5 2. Nf3 c6 3. Bg2 Nf6 4. c4 e6 5. 0-0 Nbd7 6. b3 Be7 7. Bb2 0-0 8. d3 a5 9. Nc3 b6 10. e4 dxe4 11. dxe4 e5 12. Qe2 Qc7 13. Nh4 Re8 14. Rad1 Nc5 15. Nf5 Bf8 16. Qe3 h6 17. Qf3 Kh7 18. Bc1 Ng8 19. h4 g6 20. Ne3 Ne6 21. Ne2 a4 22. Ng4 axb3 23. axb3 Bg7 24. h5 Qe7 25. Nh2 Bb7 26. Be3 c5 27. Nc3 Nd4 28. Bxd4 cxd4 29. Nd5 Bxd5 30. cxd5 Nf6 31. hxg6+ fxg6 32. Rc1 Rec8 33. Bh3 Rc5 34. Qd3 Ra7 35. Rxc5 Qxc5 36. Nf3 Ne8 37. Nh4 Bf6 38. Qf3 Qe7 39. Ng2 Rc7 40. Qe2 Qc5 41. Ra1 Qc3 42. Ra8 d3 43. Qf3 d2 44. Ne3 Ng7 45. Kh2 Qxb3 46. Qxf6 Qxe3 47. Bg4 Rc2 48. Bd1 Qxe4 49. Ra7 1-0

[Event "Spiltan & Pelaro op"]
[Site "Sweden"]
[Date "2003.06.16"]
[Round "6"]
[White "Pilgaard, Kim"]
[Black "Kongsted, Halfdan Christian"]
[Result "1-0"]
[WhiteElo "2440"]
[BlackElo "2246"]
[PlyCount "83"]
[EventDate "2003.06.12"]
[EventType "swiss"]
[EventRounds "7"]
[EventCountry "SWE"]
[SourceTitle "EXT 2005"]
[Source "ChessBase"]
[SourceDate "2004.11.15"]
[SourceVersion "1"]
[SourceVersionDate "2004.11.15"]
[SourceQuality "1"]

1. e4 c5 2. Nf3 Nc6 3. d4 cxd4 4. Nxd4 Nf6 5. Nc3 e5 6. Ndb5 d6 7. Bg5 a6 8. Na3 b5 9. Bxf6 gxf6 10. Nd5 Bg7 11. Bd3 Ne7 12. Nxe7 Qxe7 13. 0-0 0-0 14. c4 f5 15. Qf3 Re8 16. Rfe1 b4 17. Nc2 f4 18. Nxb4 Qg5 19. Be2 Rb8 20. Qa3 Re6 21. Nd5 Rg6 22. Bf3 h5 23. Kf1 Bg4 24. b4 f5 25. h3 Bh6 26. hxg4 fxg4 27. Qxa6 gxf3 28. gxf3 Qg2+ 29. Ke2 Rg3 30. Qa3 h4 31. Rg1 Qxg1 32. Rxg1 Rxg1 33. Nf6+ Kf7 34. Ng4 Kg6 35. b5 Bf8 36. Qa7 Rc8 37. Nxe5+ Kh6 38. Ng4+ Kg6 39. Qd7 Ra8 40. Qf5+ Kg7 41. Qg5+ Kf7 42. Qd5+ 1-0

[Event "Taastrup 30th anniv op"]
[Site "Taastrup"]
[Date "2002.11.26"]
[Round "5"]
[White "Kongsted, Halfdan Christian"]
[Black "Hansen, Lars Henrik Bech"]
[Result "1-0"]
[WhiteElo "2221"]
[BlackElo "2131"]
[PlyCount "48"]
[EventDate "2002.11.22"]
[EventType "swiss"]
[EventRounds "9"]
[EventCountry "DEN"]
[SourceTitle "CBM 091 Extra"]
[Source "ChessBase"]
[SourceDate "2003.01.09"]
[SourceVersion "1"]
[SourceVersionDate "2003.01.09"]
[SourceQuality "1"]

1. d4 d6 2. Nf3 g6 3. c4 Bg7 4. Nc3 Nf6 5. e4 0-0 6. h3 Nbd7 7. Bg5 c5 8. d5 b5 9. cxb5 a6 10. a4 Qa5 11. Bd2 axb5 12. Bxb5 Ba6 13. Qe2 Rfb8 14. 0-0 Bxb5 15. Nxb5 Qa6 16. Bc3 Nb6 17. b3 Rb7 18. Nd2 Nfd7 19. Bxg7 Kxg7 20. f4 c4 21. Nxc4 Nc5 22. Nd2 Qa5 23. Qe3 Nbd7 24. Qd4+ Kf8 1-0

[Event "Taastrup 30th anniv op"]
[Site "Taastrup"]
[Date "2002.11.23"]
[Round "2"]
[White "Nielsen, Niels Peter"]
[Black "Kongsted, Halfdan Christian"]
[Result "1-0"]
[WhiteElo "2147"]
[BlackElo "2221"]
[PlyCount "127"]
[EventDate "2002.11.22"]
[EventType "swiss"]
[EventRounds "9"]
[EventCountry "DEN"]
[SourceTitle "CBM 091 Extra"]
[Source "ChessBase"]
[SourceDate "2003.01.09"]
[SourceVersion "1"]
[SourceVersionDate "2003.01.09"]
[SourceQuality "1"]

1. e4 e6 2. d4 d5 3. Nd2 Nf6 4. e5 Nfd7 5. Bd3 c5 6. c3 Nc6 7. Ndf3 Qb6 8. Ne2 cxd4 9. cxd4 f6 10. Nc3 fxe5 11. dxe5 Ndxe5 12. Nxe5 Nxe5 13. Bb5+ Bd7 14. Qh5+ Ng6 15. Bxd7+ Kxd7 16. 0-0 Be7 17. Be3 Qb4 18. Rfd1 Ke8 19. Bd4 Bf6 20. Bxf6 gxf6 21. Re1 Kf7 22. Nxd5 exd5 23. Qxd5+ Kg7 24. Qd7+ Kh6 25. Re3 Rad8 26. Rh3+ Kg5 27. Qg7 Qd2 28. Rf1 Rd3 29. f4+ Kf5 30. Rh5+ Ke4 31. Rxh7 Rxh7 32. Qxg6+ Kd4 33. Qxh7 Qxb2 34. Qd7+ Kc4 35. Qf7+ Kc5 36. Qc7+ Kd5 37. Rc1 Qd4+ 38. Kf1 Rd1+ 39. Rxd1 Qxd1+ 40. Kf2 Qd2+ 41. Kg3 Qe3+ 42. Kh4 Qf2+ 43. Kh5 Qe2+ 44. Kh6 Kd4 45. Qd6+ Kc4 46. Qxf6 Qxg2 47. Qe6+ Kb4 48. h4 b5 49. Qd6+ Kc4 50. f5 Qg4 51. Qe6+ Kc5 52. Qe7+ Kc4 53. Qg5 Qe2 54. f6 b4 55. f7 Qe6+ 56. Kg7 Qd7 57. h5 a5 58. Kg8 Qe6 59. Qg6 Qd5 60. h6 a4 61. h7 b3 62. axb3+ axb3 63. h8Q b2 64. Qc2+ 1-0

[Event "Lovfalds EMT 16th Master 1"]
[Site "Ringsted"]
[Date "2002.09.15"]
[Round "5"]
[White "Petersen, Flemming Petri"]
[Black "Kongsted, Halfdan Christian"]
[Result "0-1"]
[WhiteElo "2055"]
[BlackElo "2199"]
[PlyCount "40"]
[EventDate "2002.09.13"]
[EventType "tourn"]
[EventRounds "5"]
[EventCountry "DEN"]
[SourceTitle "EXT 2023"]
[Source "ChessBase"]
[SourceDate "2022.10.05"]
[SourceVersion "1"]
[SourceVersionDate "2022.10.05"]
[SourceQuality "1"]

1. e4 e6 2. d4 d5 3. e5 c5 4. c3 Nc6 5. Nf3 Bd7 6. Be2 f6 7. 0-0 fxe5 8. Nxe5 Nxe5 9. dxe5 Qc7 10. f4 0-0-0 11. a4 Nh6 12. Na3 a6 13. Be3 Nf5 14. Bf2 g5 15. g4 Ne7 16. b4 Ng6 17. fxg5 Qxe5 18. bxc5 Nf4 19. Bxa6 Qe4 20. Bxb7+ Kc7 0-1